Muʻjam qabāʼil al-ʻArab al-qadīmah wa-al-hạdīthah /

Saved in:

Main Author: Kaḥḥālah, ʿUmar Riḍā (Author)

Format: Book

Language: Arabic

Published: Dimashq : al-Matḅaʻah al-Hāshimīyah, 1949.

Subjects:

Tags: Add Tag

No Tags, Be the first to tag this record!

Call Number: DS218 .K24 v.1-3

LEADER 01434nam a2200265Ia 4500
003 OSt
005 20230418104520.0
008 130303s1949 sy b 000 0 ara d
952 |0 0  |1 0  |2 lcc  |3 V.1  |4 0  |6 DS0218 K24 V.00001-00003  |7 1  |9 47053  |a ARCE  |b ARCE  |d 2023-04-18  |l 0  |o DS218 .K24 v.1-3  |p 1026578  |r 2023-04-18 00:00:00  |w 2023-04-18  |y BK 
952 |0 0  |1 0  |2 lcc  |3 V.2  |4 0  |6 DS0218 K24 V.00001-00003  |7 1  |9 63802  |a ARCE  |b ARCE  |d 2024-03-03  |l 0  |o DS218 .K24 v.1-3  |p 1026579  |r 2024-03-03 00:00:00  |w 2024-03-03  |y BK 
952 |0 0  |1 0  |2 lcc  |3 V.3  |4 0  |6 DS0218 K24 V.00001-00003  |7 1  |9 63803  |a ARCE  |b ARCE  |d 2024-03-03  |l 0  |o DS218 .K24 v.1-3  |p 1026580  |r 2024-03-03 00:00:00  |w 2024-03-03  |y BK 
999 |c 24024  |d 24024 
040 |c ARCE Library 
050 4 |a DS218 .K24 v.1-3 
100 1 |6 880-01  |a Kaḥḥālah, ʿUmar Riḍā,  |e author 
245 1 0 |6 880-02  |a Muʻjam qabāʼil al-ʻArab al-qadīmah wa-al-hạdīthah /   |c taʼlīf ʻUmar Ridạ̄ Kahḥạ̄lah. 
264 1 |a Dimashq :   |b al-Matḅaʻah al-Hāshimīyah,   |c 1949. 
300 |a 3 volumes (1287 pages) ;   |c 25 cm. 
504 |a Includes bibliographical references (p. 1271-1280, 1285). 
650 0 |a Ethnology  |z Arab countries. 
650 0 |a Tribes  |z Arab countries. 
880 1 |6 100-01/(3/r  |a كحالة، عمر رضا‪‪‪‪‪‪‪‪‪‪‪ 
880 1 0 |6 245-02/(3/r  |a معجم قبائل العرب القديمة والحديثة  |c  تأليف عمر رضا كحالة 
901 |a reviewed 
942 |c BK  |2 lcc